00293nam a22001097a 4500020002200000082001400022100002700036245006600063260002300129300000800152650002300160 a978-81-8465-577-3 a275.4 DHA aDhas, N. Martin Daniel aChristianity Through India's Political History (A.D. 62-2015) aDelhibISPCKc2016 a354 aChristianity-India